000 00640cam a2200205ua 4500
005 20230330145340.0
008 150127n ii |||gr||||Z||||||asm
040 _cMAIN
_aIN-DiNC
041 _dasm
082 _a491.451
_bHAK
100 _aHakacham, Upen Rabha,
_eauthor
245 1 3 _aAsamiya aru Asamar tibbat-barmiya bhasa
_cby Upen Rabha Hakacham
250 _a6th ed.
260 _aGoalpara:
_bManjula Rabha Hakachamzak,
_c2017
300 _a257p.
650 _aComparative studies of Assamese and the Tibeto Burman languages of Assam
653 _aEast Indo-European & Celtic languages
653 _aAsamia bhasa
942 _cBK
_2ddc
999 _c7387
_d7387